Koncepcia a metodológia prototypu systému modelov pre makroekonomické analýzy prílohy

Gespeichert in:
Bibliographische Detailangaben
Format: Buch
Sprache:Slowakisch
Veröffentlicht: Bratislava Výskumné výpočtové stredisko 1979
Schriftenreihe:Výskumné práce, č. 171
Tags: Tag hinzufügen
Keine Tags, Fügen Sie das erste Tag hinzu!

MARC

LEADER 00000nam a2200000 4500
001 0220105
005 20240822101657.3
041 0 |a slo 
044 |a SK 
245 1 0 |a Koncepcia a metodológia prototypu systému modelov pre makroekonomické analýzy  |b prílohy 
264 1 |a Bratislava  |b Výskumné výpočtové stredisko  |c 1979 
300 |a Nestr. 
490 1 |a Výskumné práce, č. 171 
830 0 |a Výskumné práce, č. 171